000 00799nam a2200289Ia 4500
005 20260324114053.0
008 008 260324s9999 xx 000 0 eng d
020 _a9781003185529
037 _aEBOOK
040 _aCRL
040 _beng
040 _cCRL
041 _2eng
041 _aeng
084 _qCRL
100 _aMarjorie M. Petit; Elizabeth T. Hulbert; Caroline B. Ebby; Elizabeth P. Cunningham; Robert E. Laird
_91149313
245 2 _aA Focus on Multiplication and Division
245 0 _bBringing Mathematics Education Research to the Classroom
260 _bTaylor and Francis
260 _c2023
365 _a
365 _b195
856 _uhttp://www.taylorfrancis.com/books/9781003185529
942 _cEBOOK
999 _c1739299
_d1739299